[Event "Michigan Beginners"]
[Site "Grand Rapids, MI"]
[Date "1997.01.18"]
[Round "2.3"]
[White "Brooks, Don"]
[Black "Nolan, Dan"]
[Result "0-1"]
[WhiteElo "832"]
[BlackElo "966"]
[PlyCount "86"]
[EventDate "1997.01.19"]

1. d4 d5 2. Nf3 Nc6 3. e3 Nf6 4. Bd3 Bg4 5. Nbd2 e6 6. c3 Bd6 7. O-O a6 8. Qc2
Bxf3 9. Nxf3 O-O 10. Re1 g6 11. e4 dxe4 12. Bxe4 Nxe4 13. Rxe4 Re8 14. Qd2 Bf8
15. Rh4 e5 16. Ng5 h6 17. Nf3 e4 18. Rh3 exf3 19. Rxf3 Qg5 20. g3 Qxd2 21. Bxd2
Re2 22. Bf4 Rxb2 23. Bxc7 Rc8 24. Bf4 b5 25. Re3 b4 26. d5 Nd4 27. cxd4 Rd8 28.
a3 Rxd5 29. Rb3 Rxb3 30. axb4 Rxb4 31. Rxa6 Rbxd4 32. Kg2 Kg7 33. Be3 Rd3 34.
Ra4 Kf6 35. Rf4+ Rf5 36. Bd4+ Ke6 37. Re4+ Kd5 38. Re8 Kxd4 39. Rxf8 Rdf3 40.
Rd8+ Ke5 41. Rc8 Rxf2+ 42. Kh3 Rh5+ 43. Kg4 f5# 0-1

[Event "Michigan Class C"]
[Site "Grand Rapids, MI"]
[Date "1997.01.18"]
[Round "2.4"]
[White "Bloch, Hermann"]
[Black "Gregg, Ted"]
[Result "1-0"]
[WhiteElo "1549"]
[BlackElo "1400"]
[PlyCount "133"]
[EventDate "1997.01.18"]

1. d4 d5 2. c4 e6 3. Nd2 Nf6 4. e3 Nbd7 5. Ngf3 c5 6. Bd3 Bd6 7. Qc2 O-O 8. O-O
Qc7 9. e4 dxe4 10. Nxe4 cxd4 11. Nxf6+ Nxf6 12. Bg5 Be7 13. Bxf6 Bxf6 14. Bxh7+
Kh8 15. Be4 e5 16. Qd3 Bg4 17. Nd2 Be6 18. b3 g6 19. Bf3 Bf5 20. Be4 Qd7 21.
Qf3 Kg7 22. Bxb7 Rad8 23. Bd5 Rh8 24. Ne4 Be7 25. Ng3 Rh4 26. Rfe1 f6 27. Nxf5+
Qxf5 28. Qxf5 gxf5 29. g3 Rg4 30. h3 Rg6 31. Kg2 f4 32. Re4 fxg3 33. fxg3 Bd6
34. Rg4 Rxg4 35. hxg4 Kg6 36. Rf1 a5 37. Rf5 Rh8 38. Be4 Kg7 39. Rh5 Rh6 40.
Bd3 Bb4 41. Kf3 Rh8 42. Rxh8 Kxh8 43. Ke4 Kg7 44. Kd5 Be1 45. c5 Kf7 46. c6 Ke7
47. c7 Kd7 48. Bf5+ Kxc7 49. Ke6 Bxg3 50. Kxf6 Kd6 51. Kg6 Kd5 52. Bc8 d3 53.
Kf5 d2 54. Bb7+ Kd4 55. Bf3 e4 56. Bd1 e3 57. g5 Be5 58. Be2 Bd6 59. g6 Bf8 60.
Kf4 Bh6+ 61. Kf3 Ke5 62. a3 Kd4 63. Bd1 Kc3 64. Ke2 Kb2 65. b4 Kc3 66. b5 Kd4
67. b6 1-0

[Event "Michigan Class B"]
[Site "Grand Rapids, MI"]
[Date "1997.01.18"]
[Round "2.5"]
[White "Blanchard, Robert"]
[Black "Thornton, Rome"]
[Result "0-1"]
[WhiteElo "1718"]
[BlackElo "1665"]
[PlyCount "82"]
[EventDate "1997.01.18"]

1. e4 c6 2. d3 d5 3. Nd2 e5 4. g3 Nf6 5. Bg2 Bg4 6. Ngf3 Nbd7 7. O-O Bd6 8. c3
Nc5 9. Qc2 Qd7 10. exd5 cxd5 11. Nxe5 Bxe5 12. Re1 Qf5 13. f3 Nxd3 14. Re3 O-O
15. Qxd3 Qxd3 16. Rxd3 Bf5 17. Re3 Bc7 18. Nb3 Rfe8 19. Kf2 Nd7 20. Rxe8+ Rxe8
21. Be3 Ne5 22. Bf1 Bd3 23. Nd4 Bxf1 24. Rxf1 Nd3+ 25. Ke2 Nxb2 26. f4 Ba5 27.
Kf3 Nc4 28. Bc1 Bxc3 29. Nb5 Bb4 30. Nxa7 Ra8 31. Nb5 Rxa2 32. Rd1 Rc2 33. Nd4
Rxh2 34. Nf5 g6 35. Rxd5 gxf5 36. Rd4 Bc5 37. Rd8+ Kg7 38. g4 fxg4+ 39. Kxg4
Rc2 40. Rd7 Rxc1 41. Kf5 Nd6+ 0-1

[Event "Michigan Class B"]
[Site "Grand Rapids, MI"]
[Date "1997.01.18"]
[Round "3.7"]
[White "Blanchard, Robert"]
[Black "Foord, Allan"]
[Result "1/2-1/2"]
[WhiteElo "1718"]
[BlackElo "1600"]
[PlyCount "115"]
[EventDate "1997.01.18"]

1. e4 c5 2. c3 d6 3. d4 Nf6 4. Bd3 Bg4 5. Nf3 Nc6 6. Be3 e6 7. O-O Be7 8. Nbd2
O-O 9. h3 Bh5 10. Rc1 Rc8 11. Qe2 a6 12. Bb1 b5 13. Rfe1 Re8 14. Nf1 h6 15. Ng3
Bg6 16. Nh2 Rc7 17. Ng4 Bf8 18. Nh2 Qd7 19. Red1 Qe7 20. Nf3 Rec8 21. e5 dxe5
22. Bxg6 exd4 23. Bxf7+ Qxf7 24. cxd4 cxd4 25. Bf4 e5 26. Nxe5 Nxe5 27. Rxc7
Rxc7 28. Qxe5 Re7 29. Qb8 Re8 30. Qc7 Qxa2 31. Qc2 Qc4 32. Qg6 Qf7 33. Qxf7+
Kxf7 34. Rxd4 Re1+ 35. Nf1 Re2 36. Rd2 Re6 37. Be3 Bb4 38. Rd8 a5 39. Ng3 Re8
40. Rd3 a4 41. Nf5 Re6 42. g4 Rc6 43. Bd2 Bxd2 44. Rxd2 b4 45. Nd6+ Ke6 46. Nf5
Rc1+ 47. Kg2 Rc7 48. Rd6+ Ke5 49. Rd4 Rc8 50. f4+ Ke6 51. Rd6+ Kf7 52. Ra6 Rc2+
53. Kf3 Rxb2 54. Ra7+ Ke6 55. Nxg7+ Kd5 56. Nf5 b3 57. Rb7 Rb1 58. Ne3+ {
Remainder illegible, 67?} 1/2-1/2

[Event "Michigan Class D/E"]
[Site "Grand Rapids, MI"]
[Date "1997.01.18"]
[Round "1.11"]
[White "Belill, Nathan"]
[Black "Kotman, Stuart"]
[Result "1/2-1/2"]
[WhiteElo "1253"]
[BlackElo "786"]
[PlyCount "63"]
[EventDate "1997.01.18"]

1. e4 e6 2. d4 d5 3. exd5 exd5 4. Nf3 Nf6 5. Be2 Bd6 6. O-O O-O 7. Bg5 Be6 8.
Nbd2 Nbd7 9. Rc1 c6 10. Re1 Qc7 11. c4 dxc4 12. Bxc4 Nd5 13. Ne4 Bf4 14. Bxf4
Qxf4 15. Qd2 Qxd2 16. Nfxd2 b6 17. Bxd5 Bxd5 18. Nd6 Rfd8 19. Re7 Nf6 20. N6c4
Re8 21. Rxe8+ Nxe8 22. a3 Rd8 23. Ne5 Rd6 24. Ndc4 Re6 25. Ne3 f6 26. Nf3 Bxf3
27. gxf3 Rd6 28. Nf5 Re6 29. Kf1 Nc7 30. Ne3 Rd6 31. Nf5 Re6 32. Ne3 1/2-1/2

[Event "Michigan Class D/E"]
[Site "Grand Rapids, MI"]
[Date "1997.01.18"]
[Round "3.3"]
[White "Belill, Nathan"]
[Black "Cowans, Winston"]
[Result "0-1"]
[WhiteElo "1253"]
[BlackElo "1312"]
[PlyCount "60"]
[EventDate "1997.01.18"]

1. e4 d6 2. d4 Nf6 3. Nc3 g6 4. Nf3 Bg7 5. Bc4 O-O 6. O-O Nc6 7. Bf4 Bg4 8. d5
Nh5 9. dxc6 Nxf4 10. cxb7 Rb8 11. Ba6 Bxc3 12. bxc3 Ne6 13. h3 Bxf3 14. Qxf3
Nc5 15. Bc4 Rxb7 16. Rab1 Qb8 17. Rxb7 Qxb7 18. Re1 Qb2 19. Re2 Nd7 20. Bb3 Qa3
21. Re3 a5 22. Qg4 Ne5 23. Qg5 e6 24. Qf6 a4 25. Bxe6 fxe6 26. Qxe6+ Kg7 27.
Rg3 Qc1+ 28. Kh2 Rxf2 29. h4 Qf4 30. h5 Nf3+ 0-1

[Event "Michigan Class C"]
[Site "Grand Rapids, MI"]
[Date "1997.01.18"]
[Round "3.3"]
[White "Belill, Mike"]
[Black "Nolan, Brian"]
[Result "1/2-1/2"]
[WhiteElo "1472"]
[BlackElo "1419"]
[PlyCount "67"]
[EventDate "1997.01.18"]

1. e4 c5 2. Nf3 d6 3. d4 cxd4 4. Nxd4 Nf6 5. Nc3 g6 6. Be3 Bg7 7. Bc4 O-O 8.
Qd2 Nc6 9. f3 a6 10. O-O-O Na5 11. Bd3 Be6 12. Nxe6 fxe6 13. Bh6 Rc8 14. Bxg7
Kxg7 15. h4 Nc4 16. Bxc4 Rxc4 17. g4 Qa5 18. h5 Rfc8 19. hxg6 hxg6 20. Qh6+ Kf7
21. g5 Rxc3 22. gxf6 Rxc2+ 23. Kb1 Kxf6 24. Qf4+ Kg7 25. Rh7+ Kxh7 26. Qf7+ Kh6
27. Rh1+ Qh5 28. Rxh5+ gxh5 29. Qxe6+ Kg7 30. Qxe7+ Kg8 31. Qe6+ Kg7 32. Qe7+
Kg8 33. Qe6+ Kg7 34. Qe7+ 1/2-1/2

[Event "Michigan Class B"]
[Site "Grand Rapids, MI"]
[Date "1997.01.18"]
[Round "1.2"]
[White "Barta, Roger"]
[Black "Nicolli, Randy"]
[Result "0-1"]
[WhiteElo "1686"]
[BlackElo "1769"]
[PlyCount "66"]
[EventDate "1997.01.18"]

1. e4 e5 2. Nf3 Nc6 3. Bc4 Be7 4. d4 exd4 5. Nxd4 Nf6 6. Nc3 O-O 7. O-O d6 8.
Bf4 Bg4 9. f3 Bh5 10. Nxc6 bxc6 11. e5 Ne8 12. e6 d5 13. exf7+ Bxf7 14. Bd3
Bc5+ 15. Kh1 Qf6 16. Qd2 h6 17. Rfe1 Bd6 18. Bxd6 Nxd6 19. Na4 Nf5 20. Bxf5
Qxf5 21. Qc3 d4 22. Qxc6 Bd5 23. Qxc7 Bxf3 24. Qc4+ Bd5 25. Qxd4 Qg5 26. Re2
Rf4 27. Qc3 Raf8 28. Kg1 Rxa4 29. g3 Re4 30. Rd2 Rfe8 31. Rd3 Re2 32. Rad1 Rg2+
33. Kf1 Qf5+ 0-1

[Event "Michigan Class B"]
[Site "Grand Rapids, MI"]
[Date "1997.01.18"]
[Round "3.6"]
[White "Barta, Roger"]
[Black "Hencir, Edward"]
[Result "0-1"]
[WhiteElo "1686"]
[BlackElo "1615"]
[PlyCount "78"]
[EventDate "1997.01.18"]

1. e4 c5 2. Nc3 e6 3. g3 a6 4. Bg2 Qc7 5. d3 h6 6. f4 d6 7. Nf3 Nd7 8. O-O Ngf6
9. Be3 Be7 10. h3 O-O 11. Qd2 Kh7 12. g4 Ng8 13. f5 Ne5 14. Nxe5 dxe5 15. Kh1
Bd7 16. g5 hxg5 17. Bxg5 Bxg5 18. Qxg5 Qd8 19. Qg3 Rc8 20. Rf2 Nh6 21. Qxe5 Qc7
22. Qxc7 Rxc7 23. f6 Bc6 24. Raf1 g6 25. Bf3 b5 26. h4 Rg8 27. Rg1 Rcc8 28. Nd1
e5 29. Ne3 Rce8 30. Rfg2 Re6 31. Nd5 Bxd5 32. exd5 Rxf6 33. Be4 Rf4 34. Rh2 f5
35. Bg2 Ng4 36. Rh3 Nf2+ 37. Kh2 Nxh3 38. Kxh3 Kg7 39. b3 Rh8 0-1

[Event "Michigan Masters/Experts"]
[Site "Grand Rapids, MI"]
[Date "1997.01.18"]
[Round "1.5"]
[White "Bailey, Greg"]
[Black "Fuller, William"]
[Result "1/2-1/2"]
[WhiteElo "2000"]
[BlackElo "2111"]
[PlyCount "93"]
[EventDate "1997.01.18"]

1. d4 Nf6 2. Nf3 b6 3. g3 Bb7 4. Bg2 e6 5. O-O Be7 6. c4 c5 7. dxc5 bxc5 8. Bf4
d6 9. Qa4+ Bc6 10. Qc2 O-O 11. Nc3 Nh5 12. Bd2 f5 13. e4 fxe4 14. Nxe4 Qe8 15.
Neg5 Bxg5 16. Nxg5 Nf6 17. Bh3 Bd7 18. Bxe6+ Bxe6 19. Rae1 Qh5 20. Rxe6 Nc6 21.
Qd1 Qg6 22. Rxd6 Nd4 23. f4 Qd3 24. Bc3 Qxc4 25. Bxd4 cxd4 26. Qxd4 Qxa2 27.
Qd3 h6 28. Rxf6 hxg5 29. Ra6 Qf7 30. f5 Rad8 31. Qa3 Rd2 32. Rxa7 Qf6 33. Qb3+
Kh7 34. Rb7 Qd4+ 35. Kh1 Qe4+ 36. Qf3 Qc2 37. Qh5+ Kg8 38. b4 g4 39. Rxg7+ Kxg7
40. Qg6+ Kh8 41. Qh5+ Kg8 42. Qxg4+ Kh8 43. Qh5+ Kg8 44. Qg6+ Kh8 45. Qh6+ Kg8
46. Qe6+ Kh8 47. Qh6+ 1/2-1/2

[Event "Michigan Class C"]
[Site "Grand Rapids, MI"]
[Date "1997.01.18"]
[Round "1.3"]
[White "Asbury, Victor"]
[Black "Mayer, Raymond"]
[Result "1-0"]
[WhiteElo "1530"]
[BlackElo "1462"]
[PlyCount "101"]
[EventDate "1997.01.18"]

1. c4 d6 2. Nc3 Nd7 3. g3 Ngf6 4. Bg2 c6 5. Nf3 g6 6. O-O Bg7 7. d4 O-O 8. Rb1
Bh8 9. Bh6 Bg7 10. Qd2 Re8 11. Rbd1 Kh8 12. Rfe1 Ng8 13. Bxg7+ Kxg7 14. e4 e6
15. d5 Nb6 16. b3 exd5 17. exd5 c5 18. Qf4 Rxe1+ 19. Rxe1 Bf5 20. Nb5 Nc8 21.
Nh4 Qf6 22. Nxf5+ gxf5 23. Nc7 Nb6 24. Nxa8 Nxa8 25. h4 Kh8 26. Qg5 Qg6 27. Qd8
Nb6 28. Re8 h5 29. Bh3 f4 30. Bf5 Qg7 31. Qxd6 fxg3 32. Rxg8+ Kxg8 33. Qd8+ Qf8
34. Qg5+ Qg7 35. Qxg3 Kf8 36. Qxg7+ Kxg7 37. d6 Kf8 38. Kg2 a5 39. Kf3 Ke8 40.
Kf4 Nd7 41. Kg5 Ne5 42. Kxh5 Nf3 43. Kg4 Ne5+ 44. Kf4 f6 45. h5 Kf8 46. h6 Nf7
47. d7 Ke7 48. h7 Nh8 49. Ke4 b6 50. Kd5 Nf7 51. Kc6 1-0

[Event "Michigan Class C"]
[Site "Grand Rapids, MI"]
[Date "1997.01.18"]
[Round "3.2"]
[White "Asbury, Victor"]
[Black "Bloch, Hermann"]
[Result "1-0"]
[WhiteElo "1530"]
[BlackElo "1549"]
[PlyCount "125"]
[EventDate "1997.01.18"]

1. c4 e5 2. Nc3 Nf6 3. g3 c6 4. Bg2 Be7 5. Nf3 d6 6. O-O O-O 7. d3 h6 8. e4 Nh7
9. Ne1 Bg5 10. f4 exf4 11. Bxf4 Bxf4 12. Rxf4 Ng5 13. Nc2 Bh3 14. Qh5 Qb6+ 15.
d4 Bxg2 16. b3 Qa5 17. b4 Qa6 18. Qe2 Bh3 19. a4 Qb6 20. a5 Qc7 21. b5 Nd7 22.
d5 c5 23. Ne3 Ne5 24. a6 bxa6 25. Rxa6 Bd7 26. Nf5 Nh3+ 27. Kg2 Nxf4+ 28. gxf4
Ng6 29. Qg4 Bxf5 30. exf5 Qd7 31. Ne4 Qe7 32. Nxd6 Nh8 33. Qf3 f6 34. Ne4 Rfe8
35. Re6 Qf8 36. Ng3 Nf7 37. Qe2 Nd6 38. Qd3 a6 39. Ne4 Rxe6 40. fxe6 Nxe4 41.
Qxe4 Qd6 42. bxa6 Rxa6 43. Kh3 Qe7 44. Kg4 g6 45. Qxg6+ Qg7 46. Kf5 Qxg6+ 47.
Kxg6 h5 48. Kxf6 h4 49. Kg5 h3 50. f5 Kf8 51. f6 Ra2 52. d6 Rg2+ 53. Kf5 Rf2+
54. Ke5 Rxh2 55. d7 Re2+ 56. Kd6 Rd2+ 57. Kc7 h2 58. e7+ Kf7 59. e8=Q+ Kxf6 60.
d8=Q+ Rxd8 61. Qxd8+ Kf5 62. Qd5+ Kg4 63. Qh1 1-0

[Event "Michigan Class B"]
[Site "Grand Rapids, MI"]
[Date "1997.01.18"]
[Round "3.3"]
[White "Anderson, Gale"]
[Black "Thornton, Rome"]
[Result "0-1"]
[WhiteElo "1758"]
[BlackElo "1665"]
[PlyCount "98"]
[EventDate "1997.01.18"]

1. e4 c6 2. Nc3 d5 3. d3 d4 4. Nce2 e5 5. Nf3 Bg4 6. Bd2 Bxf3 7. gxf3 Nd7 8. f4
Bd6 9. f5 Ngf6 10. Ng3 h5 11. Qf3 Qb6 12. Bc1 Qb4+ 13. Kd1 a5 14. Be2 h4 15.
Nf1 Nh5 16. Nd2 Nf4 17. a3 Qc5 18. Nc4 Bc7 19. Rg1 b5 20. Nd2 Rh7 21. Nb3 Qb6
22. Bd2 a4 23. Nc1 c5 24. Na2 Qd6 25. c3 Rd8 26. Kc2 Nb6 27. Bxf4 exf4 28. Rg4
c4 29. Rd1 Qf6 30. dxc4 Nxc4 31. Bxc4 bxc4 32. cxd4 Rxd4 33. Nc3 Rxd1 34. Qxd1
Qb6 35. Kb1 Qb7 36. Qd5 Qb8 37. f3 Be5 38. Qxc4 Kf8 39. Nxa4 Rh6 40. Ka2 Qd8
41. Rg1 Kg8 42. Nc3 Qd2 43. Rd1 Qxh2 44. Rd8+ Kh7 45. Qc8 g6 46. fxg6+ Rxg6 47.
Rd5 Rb6 48. Qf5+ Kh6 49. Na4 Rxb2+ 0-1

[Event "Michigan Class C"]
[Site "Grand Rapids, MI"]
[Date "1997.01.18"]
[Round "3.1"]
[White "Aldrich, Justin"]
[Black "Scioly, Tony"]
[Result "1-0"]
[WhiteElo "1584"]
[BlackElo "1500"]
[PlyCount "85"]
[EventDate "1997.01.18"]

1. e4 c5 2. Nf3 d6 3. Bb5+ Bd7 4. Bxd7+ Nxd7 5. c3 Ngf6 6. Qe2 g6 7. d4 cxd4 8.
cxd4 Rc8 9. Nc3 Bg7 10. Bg5 O-O 11. O-O a6 12. Qd2 b5 13. a3 Nb6 14. Qe2 h6 15.
Bh4 Rc4 16. Rfd1 Qc7 17. Bg3 Qb7 18. h3 Rfc8 19. e5 dxe5 20. Nxe5 R4c7 21. Nd3
Rc6 22. Nc5 Qa7 23. Na2 Nfd5 24. Nb4 Nxb4 25. axb4 Nd5 26. Qxb5 axb5 27. Rxa7
e6 28. Rb7 Rb6 29. Ra7 Nxb4 30. Nd7 Rbc6 31. Ne5 Bxe5 32. Bxe5 Nd5 33. Rda1
Rc1+ 34. Rxc1 Rxc1+ 35. Kh2 g5 36. Ra8+ Kh7 37. Rh8+ Kg6 38. Rg8+ Kh7 39. Rg7+
Kh8 40. Rxg5+ Kh7 41. Rg7+ Kh8 42. Rxf7+ Kg8 43. Rg7+ 1-0

[Event "Michigan Class C"]
[Site "Grand Rapids, MI"]
[Date "1997.01.18"]
[Round "1.1"]
[White "Aldrich, Justin"]
[Black "Belill, Mike"]
[Result "1-0"]
[WhiteElo "1584"]
[BlackElo "1472"]
[PlyCount "81"]
[EventDate "1997.01.18"]

1. e4 e5 2. Nf3 Nc6 3. Bc4 Bc5 4. d3 d6 5. h3 h6 6. Nc3 Nf6 7. O-O O-O 8. a3
Nd4 9. Na4 b5 10. Nxd4 bxc4 11. Ne2 cxd3 12. cxd3 Bb6 13. Nxb6 axb6 14. f4 Bb7
15. Ng3 Re8 16. Nf5 d5 17. Qf3 dxe4 18. Qg3 Nh5 19. Qg4 Qf6 20. Qxh5 exd3 21.
fxe5 Rxe5 22. Qg4 Kh7 23. Nxh6 Qc6 24. Rxf7 Re1+ 25. Kh2 Qg6 26. Rxc7 Be4 27.
Qxg6+ Kxg6 28. Ng4 d2 29. Nf2 d1=Q 30. Nxd1 Rxd1 31. Ra2 Rf8 32. b4 Rff1 33.
Re2 Rh1+ 34. Kg3 Bd5 35. Bb2 Rd3+ 36. Kf2 Rhd1 37. Rxg7+ Kh6 38. Rge7 Rb3 39.
Rd7 Rbd3 40. Rd6+ Kg5 41. Re5+ 1-0

[Event "Michigan Class D/E"]
[Site "Grand Rapids, MI"]
[Date "1997.01.19"]
[Round "4.1"]
[White "Worley, Ron"]
[Black "Spangler, Richard"]
[Result "1-0"]
[WhiteElo "1352"]
[BlackElo "1334"]
[PlyCount "115"]
[EventDate "1997.01.18"]

1. e4 d5 2. exd5 Nf6 3. Nc3 Nxd5 4. Bc4 Nb6 5. Bb3 Bf5 6. Nf3 e6 7. O-O Nc6 8.
d4 h6 9. Re1 Na5 10. Bf4 Nxb3 11. axb3 Bd6 12. Be3 a6 13. d5 exd5 14. Bg5+ Be7
15. Rxe7+ Qxe7 16. Bxe7 Kxe7 17. Nxd5+ Nxd5 18. Qxd5 Be6 19. Qc5+ Kf6 20. Qxc7
Rac8 21. Qe5+ Kg6 22. Nd4 Bd7 23. h3 Rhe8 24. Qd6+ Be6 25. Nxe6 Rxe6 26. Qd7
Rxc2 27. Qxb7 Rcc6 28. Ra4 Rf6 29. Kh2 Kh7 30. Rf4 Rb6 31. Qe4+ Rg6 32. Rg4
Rxb3 33. Rxg6 fxg6 34. Qc2 Rb6 35. h4 h5 36. Kh3 Rb4 37. Qc3 Ra4 38. b4 Ra2 39.
f4 Kh6 40. g4 hxg4+ 41. Kxg4 Rg2+ 42. Qg3 Rxg3+ 43. Kxg3 Kh5 44. Kh3 Kh6 45.
Kg4 Kh7 46. Kg5 Kg8 47. Kxg6 Kf8 48. Kf5 Ke7 49. Kg6 Kf8 50. h5 Kg8 51. f5 Kf8
52. f6 gxf6 53. Kxf6 Kg8 54. Ke6 Kh7 55. Kd6 Kh6 56. Kc6 Kxh5 57. Kb6 Kg6 58.
Kxa6 1-0

[Event "Michigan Masters/Experts"]
[Site "Grand Rapids, MI"]
[Date "1997.01.19"]
[Round "4.5"]
[White "Ward, Tom"]
[Black "LaFata, Sam"]
[Result "1-0"]
[WhiteElo "2270"]
[BlackElo "2040"]
[PlyCount "53"]
[EventDate "1997.01.18"]

1. e4 e5 2. Bc4 Nf6 3. d3 Nc6 4. c3 Be7 5. Nf3 O-O 6. O-O d6 7. Re1 Re8 8. Nbd2
Bf8 9. Nf1 g6 10. Bg5 h6 11. Bh4 Bg7 12. Ne3 Nb8 13. Qb3 Rf8 14. Rad1 Nbd7 15.
Qc2 Qe8 16. b4 c6 17. Bg3 Nh5 18. d4 Nxg3 19. hxg3 exd4 20. cxd4 Kh7 21. Bb3
Nf6 22. Nc4 Qe7 23. Nh4 Nh5 24. e5 dxe5 25. Nxe5 Qf6 26. Re3 Be6 27. Bxe6 1-0

[Event "Michigan Class C"]
[Site "Grand Rapids, MI"]
[Date "1997.01.19"]
[Round "4.2"]
[White "Waite, Lawrence"]
[Black "Smith, Lester"]
[Result "0-1"]
[WhiteElo "1426"]
[BlackElo "1515"]
[PlyCount "104"]
[EventDate "1997.01.18"]

1. e4 e5 2. f4 exf4 3. Nf3 Bc5 4. Bc4 d6 5. d4 Bb6 6. O-O Nc6 7. c3 Nf6 8. Qc2
Nh5 9. Kh1 Bg4 10. Qb3 O-O 11. Qc2 Bxf3 12. Rxf3 Qh4 13. Qf2 Ng3+ 14. Kg1 Ne5
15. hxg3 Nxf3+ 16. Qxf3 fxg3 17. Be3 Rae8 18. Nd2 Re6 19. Qd1 Rf6 20. Nf3 Qxe4
21. Qd2 d5 22. Bd3 Qg4 23. Ne5 Qh5 24. Nf3 Qg4 25. Ne5 Qh5 26. Nf3 c6 27. Re1
Bc7 28. Qc2 Re8 29. Qd2 Kf8 30. Bc2 Bd6 31. Re2 h6 32. Ba4 b5 33. Bc2 a5 34. a3
Rfe6 35. b4 a4 36. Bd3 Qg4 37. Ne5 Bxe5 38. dxe5 Rxe5 39. Bc5+ Kg8 40. Rxe5
Rxe5 41. Bd4 Re6 42. Be3 Qh5 43. Bd4 Qh2+ 44. Kf1 Qh1+ 45. Bg1 Rf6+ 46. Ke2
Qxg2+ 47. Kd1 Qxg1+ 48. Kc2 Rf2 49. Be2 Rxe2 50. Qxe2 Qf2 51. Kd3 Qxe2+ 52.
Kxe2 h5 0-1

[Event "Michigan Class B"]
[Site "Grand Rapids, MI"]
[Date "1997.01.19"]
[Round "5.2"]
[White "Thornton, Rome"]
[Black "Mohammed, Azziem"]
[Result "0-1"]
[WhiteElo "1665"]
[BlackElo "1774"]
[PlyCount "97"]
[EventDate "1997.01.18"]

1. e4 c5 2. f4 e5 3. Nf3 Nc6 4. Bb5 Nd4 5. Nxd4 exd4 6. O-O a6 7. Bc4 d6 8. a4
Ne7 9. Ra3 Bd7 10. f5 Qc7 11. Qh5 O-O-O 12. Bxf7 Bc6 13. d3 Ng8 14. Bg5 Nf6 15.
Be6+ Kb8 16. Qh4 Be7 17. Nd2 h6 18. Bxf6 Bxf6 19. Qh3 h5 20. a5 d5 21. exd5
Bxd5 22. Bxd5 Rxd5 23. Nc4 Ka7 24. Re1 Qf4 25. Rf1 Qc7 26. Rb3 h4 27. Qf3 Rdd8
28. Rb6 Rhe8 29. b4 cxb4 30. Rxb4 Re7 31. Rb6 Be5 32. h3 Bg3 33. Re6 Rde8 34.
Qd5 Rd7 35. Qe4 Rg8 36. Nb6 Rd6 37. Re7 Qc6 38. Nc4 Qxe4 39. dxe4 Rc6 40. Ne5
Rxc2 41. Ng6 Rgc8 42. Rxg7 Re2 43. Rb1 Rb2 44. Rf1 Rcc2 45. Nf4 d3 46. Rxg3
hxg3 47. f6 Rf2 48. f7 Rxf1+ 49. Kxf1 0-1

[Event "Michigan Class B"]
[Site "Grand Rapids, MI"]
[Date "1997.01.19"]
[Round "4.5"]
[White "Stewart, Clinton"]
[Black "Anderson, Gale"]
[Result "0-1"]
[WhiteElo "1662"]
[BlackElo "1758"]
[PlyCount "48"]
[EventDate "1997.01.18"]

1. e4 e6 2. d4 d5 3. e5 c5 4. c3 Nc6 5. Bb5 Bd7 6. Nf3 Qb6 7. Be2 cxd4 8. cxd4
Nge7 9. O-O Nf5 10. Be3 Qxb2 11. Nbd2 Qa3 12. Nb3 Nxe3 13. fxe3 Be7 14. Qe1 O-O
15. Qg3 Na5 16. Nfd2 Nxb3 17. Nxb3 Ba4 18. Nd2 a6 19. Bf3 Qxe3+ 20. Qf2 Qxf2+
21. Rxf2 Rac8 22. Nb3 Bxb3 23. axb3 Bg5 24. Re2 Rc3 0-1

[Event "Michigan Class D/E"]
[Site "Grand Rapids, MI"]
[Date "1997.01.19"]
[Round "5.3"]
[White "Spangler, Richard"]
[Black "Evans Jr., Thomas"]
[Result "1/2-1/2"]
[WhiteElo "1334"]
[BlackElo "1222"]
[PlyCount "45"]
[EventDate "1997.01.18"]

1. d4 e6 2. Nf3 d5 3. e3 a6 4. Bd3 Nf6 5. Nbd2 Be7 6. c3 O-O 7. e4 dxe4 8. Nxe4
Nxe4 9. Bxe4 Nd7 10. O-O Nf6 11. Bc2 Bd7 12. Ne5 Bd6 13. f4 c5 14. Qd3 g6 15.
Be3 c4 16. Nxc4 Bb5 17. a4 Bxc4 18. Qxc4 Qb6 19. Qb3 Qc7 20. Bd2 Nd5 21. a5 b6
22. Qa2 bxa5 23. Be4 {Remainder illegible, 60?} 1/2-1/2

[Event "Michigan Class D/E"]
[Site "Grand Rapids, MI"]
[Date "1997.01.19"]
[Round "4.11"]
[White "Smalec, Joseph"]
[Black "McAllister, Don"]
[Result "1-0"]
[WhiteElo "1092"]
[BlackElo "1002"]
[PlyCount "110"]
[EventDate "1997.01.18"]

1. g4 e5 2. h3 Be7 3. c4 Bh4 4. Nf3 d6 5. Nxh4 Qxh4 6. e4 Nf6 7. Nc3 Bxg4 8.
Be2 Nc6 9. Bxg4 Nxg4 10. Qxg4 Qxg4 11. hxg4 Nd4 12. Kd1 O-O-O 13. d3 g6 14. Bg5
Rde8 15. Bf6 Rhg8 16. Rxh7 b6 17. Rxf7 Ref8 18. Rxf8+ Rxf8 19. Nd5 Kd7 20. g5
Rf7 21. Kd2 Nf3+ 22. Ke3 Nh4 23. Rh1 Rh7 24. Ke2 Kc6 25. Ne3 Rh5 26. b4 a6 27.
a4 Kb7 28. Nd5 c6 29. Ne7 b5 30. axb5 axb5 31. cxb5 cxb5 32. Nxg6 Nxg6 33. Rxh5
Nf4+ 34. Kd2 Nxh5 35. Kc3 Kc6 36. d4 Nf4 37. dxe5 dxe5 38. Bxe5 Ne6 39. f4 Kd7
40. g6 Ke7 41. f5 Ng5 42. f6+ Kf8 43. Bd6+ Kg8 44. f7+ Nxf7 45. gxf7+ Kxf7 46.
e5 Ke6 47. Kd4 Kd7 48. Kd5 Ke8 49. Kc5 Kd7 50. Kxb5 Kc8 51. e6 Kd8 52. Ka6 Kc8
53. e7 Kd7 54. b5 Ke8 55. b6 Kd7 1-0

[Event "Michigan Class B"]
[Site "Grand Rapids, MI"]
[Date "1997.01.19"]
[Round "5.1"]
[White "Sellers, Matt"]
[Black "Nicolli, Randy"]
[Result "1-0"]
[WhiteElo "1704"]
[BlackElo "1769"]
[PlyCount "73"]
[EventDate "1997.01.18"]

1. e4 e6 2. d4 d5 3. e5 c5 4. c3 Nc6 5. Nf3 cxd4 6. cxd4 Bb4+ 7. Nc3 Nge7 8.
Bd3 Bd7 9. O-O Bxc3 10. bxc3 Qc7 11. Ba3 Na5 12. Bd6 Qc6 13. Qe2 Nc4 14. Bxc4
dxc4 15. Nd2 b5 16. Bxe7 Kxe7 17. Ne4 Qd5 18. Rfe1 Bc6 19. f3 Rhg8 20. Qd2 h6
21. Re2 Qd8 22. Kh1 Bd5 23. Qb2 Qa5 24. a3 Rab8 25. Qb4+ Qxb4 26. axb4 Rb7 27.
Nd6 Rd7 28. Nxb5 Rb8 29. Nd6 f5 30. Rea2 Rbd8 31. Rxa7 Rxa7 32. Rxa7+ Rd7 33.
Nc8+ Kd8 34. Rxd7+ Kxd7 35. Nb6+ Kc7 36. Nxd5+ exd5 37. b5 1-0

[Event "Michigan Class B"]
[Site "Grand Rapids, MI"]
[Date "1997.01.19"]
[Round "4.2"]
[White "Sellers, Matt"]
[Black "Moore, Robert"]
[Result "1-0"]
[WhiteElo "1704"]
[BlackElo "1700"]
[PlyCount "49"]
[EventDate "1997.01.18"]

1. e4 c5 2. Nf3 d6 3. d4 cxd4 4. Nxd4 Nf6 5. Nc3 a6 6. Be2 e6 7. O-O Be7 8. a4
O-O 9. Be3 Qc7 10. a5 Nbd7 11. Nb3 Rd8 12. f4 Nc5 13. Nxc5 dxc5 14. Qe1 b6 15.
axb6 Qxb6 16. Bd3 Ng4 17. Kh1 Nxe3 18. Qxe3 g6 19. f5 exf5 20. exf5 Bf8 21.
fxg6 hxg6 22. Qg5 Bg7 23. Nd5 Rxd5 24. Qxd5 Be6 25. Qxa8+ 1-0

[Event "Michigan Class C"]
[Site "Grand Rapids, MI"]
[Date "1997.01.19"]
[Round "4.3"]
[White "Scioly, Tony"]
[Black "Nolan, Brian"]
[Result "0-1"]
[WhiteElo "1500"]
[BlackElo "1419"]
[PlyCount "92"]
[EventDate "1997.01.18"]

1. e4 c5 2. Nf3 d6 3. d4 cxd4 4. Nxd4 Nf6 5. Nc3 g6 6. f4 Nc6 7. Nxc6 bxc6 8.
e5 Ng4 9. h3 Nh6 10. exd6 exd6 11. Qf3 Bd7 12. Be3 Bg7 13. O-O-O d5 14. Bxa7
O-O 15. Bd4 Qa5 16. Bxg7 Kxg7 17. Rd4 c5 18. Rxd5 Bc6 19. Bc4 Bxd5 20. Bxd5
Rab8 21. g4 Qb4 22. b3 Qd4 23. Rd1 Qb4 24. h4 Rfe8 25. h5 Re7 26. hxg6 hxg6 27.
Rh1 Qd4 28. Rd1 Qe3+ 29. Qxe3 Rxe3 30. Rd3 Nxg4 31. Rxe3 Nxe3 32. Bf3 Kf6 33.
Be4 g5 34. fxg5+ Kxg5 35. Kd2 Nf1+ 36. Kd3 f5 37. Bg2 Rd8+ 38. Nd5 Ng3 39. Kc4
Ne4 40. Bxe4 fxe4 41. Ne3 Kf4 42. Nd5+ Rxd5 43. Kxd5 e3 44. Kxc5 e2 45. c4 e1=Q
46. a4 Qa5+ 0-1